Creative credit (Record no. 80849)
[ view plain ]
| 000 -LEADER | |
|---|---|
| fixed length control field | 00797cab a22001935a 4500 |
| 001 - CONTROL NUMBER | |
| control field | L145517 |
| 008 - FIXED-LENGTH DATA ELEMENTS--GENERAL INFORMATION | |
| fixed length control field | 081017s2008 xxkbdo f s 000 0 eng d |
| 035 ## - SYSTEM CONTROL NUMBER | |
| System control number | (Sirsi) u145517 |
| 041 0# - LANGUAGE CODE | |
| Language code of text/sound track or separate title | eng |
| 100 1# - MAIN ENTRY--PERSONAL NAME | |
| Personal name | Menary, Steve |
| 245 00 - TITLE STATEMENT | |
| Title | Creative credit |
| 260 ## - PUBLICATION, DISTRIBUTION, ETC. | |
| Date of publication, distribution, etc. | 2008 |
| 490 ## - SERIES STATEMENT | |
| Series statement | Housebuilder |
| Volume/sequential designation | 69(9) October 2008, 12-13(2) |
| 520 ## - SUMMARY, ETC. | |
| Summary, etc. | Article looks at the fortunes of house builders in the South East during the credit crunch. Comments from house builders suggest that deals are still being made and that there is real competition for prime sites. Despite these assertions, starts reduced by 13% over the last twelve months, although there was a 5% rise in completions. |
| 590 ## - LOCAL NOTE (RLIN) | |
| Local note | KA |
| 651 #4 - SUBJECT ADDED ENTRY--GEOGRAPHIC NAME | |
| Geographic name | England and Wales |
| Chronological subdivision | 1543- |
| 690 ## - LOCAL SUBJECT ADDED ENTRY--TOPICAL TERM (OCLC, RLIN) | |
| Topical term or geographic name as entry element | PROPERTY-PROPERTY DEVELOPMENT |
| 942 ## - ADDED ENTRY ELEMENTS (KOHA) | |
| Suppress in OPAC | 0 |
| Withdrawn status | Lost status | Source of classification or shelving scheme | Damaged status | Not for loan | Home library | Current library | Shelving location | Date acquired | Total Checkouts | Full call number | Barcode | Date last seen | Copy number | Price effective from | Koha item type |
|---|---|---|---|---|---|---|---|---|---|---|---|---|---|---|---|
| Dewey Decimal Classification | London | London | Journal article | 17/10/2008 | L145517 | 145517-1001 | 06/08/2019 | 1 | 06/08/2019 | Journal article |